Normal view
MARC view
- Collection control
Entry Topical Term
001 - CONTROL NUMBER
- control field: 20764
003 - CONTROL NUMBER IDENTIFIER
- control field: OSt
005 - DATE AND TIME OF LATEST TRANSACTION
- control field: 20110304100236.0
008 - FIXED-LENGTH DATA ELEMENTS
- fixed length control field: 110304|||a|||||| | ||| d
040 ## - CATALOGING SOURCE
- Original cataloging agency: OSt
- Transcribing agency: OSt
150 ## - HEADING--TOPICAL TERM
- Topical term or geographic name as entry element: Collection control
670 ## - SOURCE DATA FOUND
- Source citation: Work cat.: (OSt): Beckman, Theodore N 20761, Credits and collections in theory and practice , 1955
670 ## - SOURCE DATA FOUND
- Source citation: Work cat.: (OSt): Beckman, Theodore N 20761, Credits and collections in theory and practice , 1955
